10 x 10 Picross avec 3 vies - "Opposés" - Statistiques

Statistiques générales
  • Ce quiz a été pris 889 fois
  • Le résultat moyen est 70 sur 100
Statistiques - réponses
Réponse % Correct
d
85%
d
84%
d
82%
d
82%
d
82%
x
82%
d
81%
d
81%
d
81%
d
81%
d
81%
d
80%
d
80%
d
79%
d
78%
d
78%
d
78%
d
77%
d
77%
d
77%
d
76%
d
75%
d
75%
d
75%
x
74%
x
74%
d
73%
d
73%
x
73%
x
73%
x
72%
x
72%
x
72%
d
71%
x
71%
x
71%
d
70%
d
70%
d
70%
d
70%
x
70%
d
69%
d
69%
d
69%
d
69%
x
69%
x
69%
x
69%
d
68%
d
68%
x
68%
x
68%
x
68%
x
68%
d
67%
d
67%
d
67%
d
67%
d
67%
x
67%
x
67%
x
67%
x
67%
x
67%
x
67%
d
66%
d
66%
x
66%
x
66%
x
66%
x
66%
x
66%
x
66%
x
66%
x
66%
x
66%
x
65%
x
65%
x
65%
x
65%
x
65%
x
65%
d
64%
d
64%
x
64%
x
64%
x
64%
d
63%
d
63%
x
63%
x
63%
x
62%
x
62%
x
62%
d
61%
d
61%
x
61%
x
61%
x
61%
d
60%
Aucun quiz correspondant
Distribution des résultats
% des personnes avec chaque résultat
Percentile par nombre de réponses
Votre historique - résultats
Vous n’avez pas pris ce quiz